000
00173nam a2200073Ia 4500
008
170817s9999 xx 000 0 und d
100
_a
GOEL M.K
245
0
_a
PRYAVARAN SIKSHA
260
_b
VINOD PUSTAK MANDIR
999
_c
36825
_d
36825